Country Capitals from 'N' by Images - Statistics

General Stats
  • This quiz has been taken 28 times
  • The average score is 5 of 10
Answer Stats
Picture Answer % Correct
Naypyidaw
81%
Nairobi
69%
New Delhi
63%
Nassau
56%
Niamey
56%
Nouakchott
56%
Nukualofa
50%
Ngerulmud
44%
N'Djamena
38%
Nicosia
25%
No matching quizzes found
Score Distribution
Percent of People with Each Score
Percentile by Number Answered
Your Score History
You have not taken this quiz